000 00272nam a2200121Ia 4500
008 190216s9999||||xx |||||||||||||| ||und||
100 _aElhance D N
245 0 _aFundamentals Of Statistics
260 _bKitab Mahal
300 _a992p
650 _aStatistics
942 _cBK
999 _c3941
_d3941